Famous Landmarks I - Statistics

General Stats
  • This quiz has been taken 23 times
  • The average score is 28 of 45
Answer Stats
Question Tile Select % Correct
the Australia Landmarks No
100%
the Australia Landmarks Yes
95%
the Australia Landmarks No
95%
the China landmarks Yes
91%
the Australia Landmarks Yes
86%
the Australia Landmarks No
86%
the Zimbabwe Landmarks No
86%
the Zimbabwe Landmarks No
82%
the Australia Landmarks No
77%
the China landmarks No
77%
the China landmarks No
77%
the Zimbabwe Landmarks No
77%
the Saudi Arabia landmarks No
77%
the Zimbabwe Landmarks Yes
73%
the Zimbabwe Landmarks No
73%
the Saudi Arabia landmarks Yes
73%
the Saudi Arabia landmarks No
73%
the China landmarks No
68%
the China landmarks No
68%
the Saudi Arabia landmarks No
68%
the Albania landmarks No
68%
the Albania landmarks No
68%
the Zimbabwe Landmarks Yes
64%
the Zimbabwe Landmarks No
64%
the Saudi Arabia landmarks No
64%
the Albania landmarks No
64%
the Australia Landmarks Yes
59%
the China landmarks No
59%
the China landmarks Yes
55%
the Australia Landmarks No
50%
the Albania landmarks No
50%
the Australia Landmarks Yes
45%
the China landmarks Yes
45%
the Saudi Arabia landmarks No
45%
the Albania landmarks No
45%
the Albania landmarks Yes
45%
the China landmarks Yes
41%
the Saudi Arabia landmarks Yes
41%
the Saudi Arabia landmarks Yes
41%
the Albania landmarks Yes
41%
the Zimbabwe Landmarks No
36%
the Albania landmarks Yes
36%
the Zimbabwe Landmarks Yes
27%
the Albania landmarks Yes
23%
the Saudi Arabia landmarks Yes
14%
No matching quizzes found
Score Distribution
Percent of People with Each Score
Percentile by Number Answered
Your Score History
You have not taken this quiz